Statistics for Name As Many Finals MVP'S From 2000-2020

Click here to take the quiz!

General Stats

  • This quiz has been taken 44 times
  • The average score is 18 of 21

Answer Stats

YearAnswer% Correct
2020LeBron James
100%
2013LeBron James
100%
2016LeBron James
100%
2012LeBron James
100%
2018Kevin Durant
98%
2017Kevin Durant
98%
2009Kobe Bryant
90%
2010Kobe Bryant
90%
2014Kawhi Leonard
88%
2019Kawhi Leonard
88%
2002Shaquille O'Neal
86%
2001Shaquille O'Neal
86%
2000Shaquille O'Neal
86%
2015Andre Iguodala
79%
2005Tim Duncan
79%
2003Tim Duncan
79%
2006Dwayne Wade
74%
2007Tony Parker
71%
2004Chauncey Billups
64%
2008Paul Pierce
64%
2011Dirk Nowitvki
62%

Score Distribution

Percentile by Number Answered

Percent of People with Each Score

Your Score History

You have not taken this quiz